00562nam a2200133Ia 4500008004100000020001800041100005100059245013400110260002700244650001300271856005200284999001900336952007300355171212s9999 xx 000 0 und d a9780833081650 aDrew, John G.;McGarvey, Ronald G.;Buryk, Peter cDrew, John G.;McGarvey, Ronald G.;Buryk, PeteraEnabling Early Sustainment DecisionsbApplication to F-35 Depot-Level Maintenance bRAND Corporationc2013 aBusiness uhttp://www.jstor.org/stable/10.7249/j.ctt5vjwp2 c352002d352002 001040aCLbCLd2017-12-12l0r2017-12-12 00:00:00w2017-12-12yCBE